Statistics for 5-Letter Movie Chain #1

Click here to take the quiz!

General Stats

  • This quiz has been taken 59,004 times
  • The average score is 16 of 28

Answer Stats

HintAnswer% Correct
Studio that made "Toy Story"Pixar
91%
Mufasa's sonSimba
90%
Academy AwardOscar
89%
WALL-E or T-800, e.g.Robot
88%
Movie about a red-headed orphan girlAnnie
84%
Mr. BalboaRocky
81%
Place for a chainsaw massacreTexas
81%
Planet from "Planet of the Apes"Earth
79%
Where Lindsay Lohan has been
many times
Rehab
72%
Kazakhstani movie characterBorat
70%
Movie with a sexy pottery sceneGhost
69%
Joaquin's brotherRiver
64%
Mike Tyson's petTiger
62%
Dragon from "The Hobbit"Smaug
61%
Devito/Schwarzenegger movieTwins
61%
How Ace Ventura says "delicious"Yummy
56%
Where Brad Pitt's character spent seven yearsTibet
55%
Dennis Hopper movie: Easy _____Rider
51%
Something to put on a shark,
according to Dr. Evil
Laser
45%
Jar Jar and Padme's home planetNaboo
39%
Frost intervieweeNixon
38%
Keanu Reeves movie:
My Own Private _____
Idaho
37%
Rosemary's baby daddySatan
37%
Jane Fonda's nickname: _____ JaneHanoi
32%
Charlie Chaplin characterTramp
32%
Barbra Streisand movieYentl
30%
Only sure way to kill an alien:
Nuke it from _____
Orbit
22%
Bill and Ted's mentorRufus
13%

Score Distribution

Percentile by Number Answered

Percent of People with Each Score

Your Score History

You have not taken this quiz